UM Logo

Theories in use that explain adolescent help seeking and avoidance in mathematics / (Record no. 18092)

MARC details
000 -LEADER
fixed length control field 00953nam a22002297a 4500
003 - CONTROL NUMBER IDENTIFIER
control field OSt
005 - DATE AND TIME OF LATEST TRANSACTION
control field 20260415182120.0
008 - FIXED-LENGTH DATA ELEMENTS--GENERAL INFORMATION
fixed length control field 230703b ||||| |||| 00| 0 eng d
040 ## - CATALOGING SOURCE
Transcribing agency 0
082 ## - DEWEY DECIMAL CLASSIFICATION NUMBER
Classification number DPer 370.15 J826 April-May 2020 v. 112 n. 3-4
100 ## - MAIN ENTRY--PERSONAL NAME
Personal name Peeters, Aaron.
Relator term author.
9 (RLIN) 48443
245 ## - TITLE STATEMENT
Title Theories in use that explain adolescent help seeking and avoidance in mathematics /
Statement of responsibility, etc. Aaron Peeters, Viviane Robinson, and Christine Rubie-Davies.
260 ## - PUBLICATION, DISTRIBUTION, ETC. (IMPRINT)
Place of publication, distribution, etc. Washington ;
Name of publisher, distributor, etc. American Psychological Association ,
Date of publication, distribution, etc. April 2020.
300 ## - PHYSICAL DESCRIPTION
Extent Volume 112, pages 533-550 :
Other physical details illustration ;
Dimensions 28 cm.
500 ## - GENERAL NOTE
General note Journal of Educational Psychology, vol. 112, no. 3, pages 533-550, April 2020.
650 ## - SUBJECT ADDED ENTRY--TOPICAL TERM
Topical term or geographic name as entry element Educational psychology.
9 (RLIN) 48444
650 ## - SUBJECT ADDED ENTRY--TOPICAL TERM
Topical term or geographic name as entry element Mathematics.
9 (RLIN) 48445
700 ## - ADDED ENTRY--PERSONAL NAME
Personal name Peeters, Aaron.
Relator term author.
9 (RLIN) 48443
700 ## - ADDED ENTRY--PERSONAL NAME
Personal name Robinson, Viviane.
Relator term author.
9 (RLIN) 48446
700 ## - ADDED ENTRY--PERSONAL NAME
Personal name Rubie-Davies, Christine.
Relator term author.
9 (RLIN) 48447
942 ## - ADDED ENTRY ELEMENTS (KOHA)
Source of classification or shelving scheme Dewey Decimal Classification
Koha item type Periodicals
Holdings
Withdrawn status Lost status Source of classification or shelving scheme Damaged status Not for loan Collection code Home library Current library Date acquired Total Checkouts Full call number Date last seen Price effective from Koha item type Public note
    Dewey Decimal Classification     Periodicals UM Digos College - LIC UM Digos College - LIC 07/03/2023   DPer 370.15 J826 April-May 2020 v. 112 n. 3-4 07/03/2023 07/03/2023 Periodicals Periodical article